Conquering Stage Fright Quiz Stats

 Plays Quiz Updated Jun 7, 2018

Support Sporcle.
Go Orange.
Score 0/85 Timer 06:00
0 Plays Today
% Correct
???
100%
???
99.9%
???
92.8%
???
92.8%
???
81.8%
???
81.8%
???
81.8%
???
78.8%
???
78.8%
???
68.8%
???
68.8%
???
67.9%
???
67.9%
???
67.8%
???
67.8%
???
65.7%
???
65.7%
???
65.5%
???
65.5%
???
65%
???
65%
???
65%
???
65%
???
64.3%
???
64.3%
???
61.8%
???
61.8%
???
61.5%
???
61.5%
% Correct
???
59.9%
???
59.9%
???
59.9%
???
59.7%
???
59.7%
???
59.7%
???
59.5%
???
59.5%
???
59.5%
???
59.3%
???
59.3%
???
59.3%
???
59.3%
???
58.7%
???
58.7%
???
58.7%
???
56.3%
???
56.3%
???
55.5%
???
55.5%
???
55.4%
???
55.4%
???
55.4%
???
51.9%
???
51.9%
???
49.8%
???
49.8%
???
49.5%
???
49.5%
% Correct
???
48.9%
???
48.9%
???
48.8%
???
48.8%
???
48.7%
???
48.7%
???
48.6%
???
48.6%
???
47.9%
???
47.9%
???
47.9%
???
47.6%
???
47.6%
???
47.6%
???
47.2%
???
47.2%
???
47.2%
???
47.2%
???
47.2%
???
47.2%
???
47.2%
???
46.2%
???
46.2%
???
46.2%
???
42.4%
???
42.4%
???
39.9%

You're not logged in!

Compare scores with friends on all Sporcle quizzes.
OR
Log In

From the Vault

Big Geography

by pishposh5

It's so big that if you laid 1 million hot dogs end to end, you would be left with a lot of rotting hot dogs and probably a bunch of pigeons too.
Remove Ads.
Support Sporcle.
Get the best of Sporcle when you Go Orange. This ad-free experience offers more features, more stats, and more fun while also helping to support Sporcle. Thank you for becoming a member.

Show Comments

Extras

Top Quizzes Today


Score Distribution

Your Account Isn't Verified!

In order to create a playlist on Sporcle, you need to verify the email address you used during registration. Go to your Sporcle Settings to finish the process.

Report this User

Report this user for behavior that violates our Community Guidelines.

Details: